| 000 | 00538cam a22001457a 4500 | ||
|---|---|---|---|
| 999 |
_c508753 _d508753 |
||
| 008 | 180718b-- xxu||||| |||| 00| 0 eng d | ||
| 082 | _aL806x54 F/1994-95 | ||
| 100 |
_aIndia. Ministry of Finance. Department of Expenditure. Controller General of Accounts _94217 |
||
| 245 | _aFinance accounts, Union Government, 1994-95 | ||
| 260 |
_aDelhi _bThe Controller of Publications _c1995 |
||
| 300 | _a515p. | ||
| 500 | _aLibrary has 1991/92-2003/04, 2005/06-2007/08, 2009/10 | ||
| 650 |
_aFinance, Public - Auditing - India _94218 |
||
| 942 | _2ddc | ||